Medium and high speed diesel engines for marine use (Record no. 12098)

000 -LEADER
fixed length control field 00547nam a2200193 4500
001 - CONTROL NUMBER
control field 12098
003 - CONTROL NUMBER IDENTIFIER
control field BD-DhUET
008 - FIXED-LENGTH DATA ELEMENTS--GENERAL INFORMATION
fixed length control field 730523s1972 enka b 001 0 eng
020 ## - INTERNATIONAL STANDARD BOOK NUMBER
International Standard Book Number 0900976012
040 ## - CATALOGING SOURCE
Original cataloging agency DLC
Transcribing agency DLC
Modifying agency BD-DhUET
082 00 - DEWEY DECIMAL CLASSIFICATION NUMBER
Classification number 626.87236
Item number HEN/1972
100 ## - MAIN ENTRY--PERSONAL NAME
Personal name Henshall, S. H.
245 10 - TITLE STATEMENT
Title Medium and high speed diesel engines for marine use
250 ## - EDITION STATEMENT
Edition statement 1st ed.
260 ## - PUBLICATION, DISTRIBUTION, ETC. (IMPRINT)
Place of publication, distribution, etc. London
Name of publisher, distributor, etc. Institute of Marine Engineers
Date of publication, distribution, etc. 1972
300 ## - PHYSICAL DESCRIPTION
Extent viii, 411 p.
Other physical details illus.
Dimensions 23 cm.
650 #0 - SUBJECT ADDED ENTRY--TOPICAL TERM
Topical term or geographic name as entry element Diesel engines: Marine engineering
942 ## - ADDED ENTRY ELEMENTS (KOHA)
Koha item type General Book
Holdings
Koha issues (times borrowed) Sublocation or collection (holding branch) Copy number Koha date last seen Date acquired Shelving location Source of classification or shelving scheme Price effective from Not for loan Withdrawn status Koha item type Koha date last borrowed Location (home branch) Lost status Piece designation (barcode) Koha full call number Damaged status Koha normalized classification for sorting
2Central Library, BUET12024-11-272015-02-23Circulation section 2015-02-23  General Book2024-11-18Central Library, BUET 53230626.87236/HEN/1972 626_872360000000000_HEN_1972
1Central Library, BUET22018-08-272015-05-10Circulation section 2015-05-10  General Book2018-07-30Central Library, BUET 41039626.87236/HEN/1972 626_872360000000000_HEN_1972
 Central Library, BUET32015-06-212015-06-21Reading section 2015-06-21  General Book Central Library, BUET 53229626.87236/HEN/1972 626_872360000000000_HEN_1972